El primer gato sin colores / (Registro nro. 49221)
[ vista simple ]
| 000 -CABECERA | |
|---|---|
| campo de control de longitud fija | 00698nam a2200241 a 4500 |
| 001 - NÚMERO DE CONTROL | |
| campo de control | |
| 003 - IDENTIFICADOR DEL NÚMERO DE CONTROL | |
| campo de control | OSt |
| 005 - FECHA Y HORA DE LA ÚLTIMA TRANSACCIÓN | |
| campo de control | 20240409073826.0 |
| 008 - DATOS DE LONGITUD FIJA--INFORMACIÓN GENERAL | |
| campo de control de longitud fija | 150406s2008 dr a 000 j spa d |
| 020 ## - NÚMERO INTERNACIONAL ESTÁNDAR DEL LIBRO | |
| Número Internacional Estándar del Libro | 9789945130638 |
| 040 ## - FUENTE DE LA CATALOGACIÓN | |
| Centro catalogador/agencia de origen | DO-SdBNP |
| Lengua de catalogación | spa |
| Centro/agencia transcriptor | BNPHU |
| 082 ## - NÚMERO DE LA CLASIFICACIÓN DECIMAL DEWEY | |
| Número de clasificación | RD863.5 |
| Número de documento/Ítem | C350p |
| Número de edición | 22 |
| 100 1# - ENTRADA PRINCIPAL--NOMBRE DE PERSONA | |
| Nombre de persona | Castro Ortíz, Noé Leonardo |
| Fechas asociadas al nombre | 2004- |
| 9 (RLIN) | 73513 |
| 245 13 - MENCIÓN DE TÍTULO | |
| Título | El primer gato sin colores / |
| Mención de responsabilidad, etc. | Noé Leonardo, Castro Ortíz. |
| 250 ## - MENCIÓN DE EDICIÓN | |
| Mención de edición | |
| 260 ## - PUBLICACIÓN, DISTRIBUCIÓN, ETC. | |
| Lugar de publicación, distribución, etc. | Santo Domingo : |
| Nombre del editor, distribuidor, etc. | Mediabyte, |
| Fecha de publicación, distribución, etc. | 2008 |
| 300 ## - DESCRIPCIÓN FÍSICA | |
| Extensión | 40 p. : |
| Otras características físicas | il. ; |
| Dimensiones | 30 cm. |
| 590 ## - NOTA LOCAL (RLIN) | |
| Nota local | Inventariado.2020/VM |
| 650 #0 - PUNTO DE ACCESO ADICIONAL DE MATERIA--TÉRMINO DE MATERIA | |
| Término de materia o nombre geográfico como elemento de entrada | Cuentos infantiles dominicanos |
| 9 (RLIN) | 505 |
| 650 #4 - PUNTO DE ACCESO ADICIONAL DE MATERIA--TÉRMINO DE MATERIA | |
| Término de materia o nombre geográfico como elemento de entrada | Literatura infantil dominicana |
| 9 (RLIN) | 441 |
| 910 ## - DATOS DE OPCIÓN DEL USUARIO (OCLC) | |
| Datos de opción del usuario | VMateo |
| 942 ## - ELEMENTOS DE PUNTO DE ACCESO ADICIONAL (KOHA) | |
| Fuente del sistema de clasificación o colocación | Dewey Decimal Classification |
| Tipo de ítem Koha | Folleto |
| Estado de retiro | Estado de pérdida | Fuente del sistema de clasificación o colocación | Restricciones de uso | No para préstamo | Código de colección | Localización permanente | Ubicación/localización actual | Fecha de adquisición | Fuente de adquisición | Total de préstamos | Signatura topográfica completa | Código de barras | Fecha visto por última vez | Precio válido a partir de | Tipo de ítem Koha |
|---|---|---|---|---|---|---|---|---|---|---|---|---|---|---|---|
| Dewey Decimal Classification | Excluido de préstamo | Excluido de préstamo | Infantojuvenil Patrimonio Dominicano | Patrimonio Dominicano | Biblioteca Nacional Pedro Henríquez Ureña | 01.12.2020 | Deposito Legal | BNPHU PD RD863.5 C350p | 2020-0604 | 01.12.2020 | 01.12.2020 | Folleto | |||
| Dewey Decimal Classification | Excluido de préstamo | Excluido de préstamo | Infantojuvenil Patrimonio Dominicano | Patrimonio Dominicano | Biblioteca Nacional Pedro Henríquez Ureña | 01.12.2020 | Deposito Legal | BNPHU PD RD863.5 C350p | 2020-0605 | 01.12.2020 | 01.12.2020 | Folleto |
